<?xml version="1.0" encoding="UTF-8"?><?xml-stylesheet type="text/xsl" href="static/style.xsl"?><OAI-PMH xmlns="http://www.openarchives.org/OAI/2.0/" xmlns:xsi="http://www.w3.org/2001/XMLSchema-instance" xsi:schemaLocation="http://www.openarchives.org/OAI/2.0/ http://www.openarchives.org/OAI/2.0/OAI-PMH.xsd"><responseDate>2026-04-17T05:34:44Z</responseDate><request verb="GetRecord" identifier="oai:www.recercat.cat:10256/13926" metadataPrefix="marc">https://recercat.cat/oai/request</request><GetRecord><record><header><identifier>oai:recercat.cat:10256/13926</identifier><datestamp>2024-05-21T10:36:12Z</datestamp><setSpec>com_2072_452955</setSpec><setSpec>com_2072_2054</setSpec><setSpec>col_2072_452960</setSpec></header><metadata><record xmlns="http://www.loc.gov/MARC21/slim" xmlns:dcterms="http://purl.org/dc/terms/" xmlns:xsi="http://www.w3.org/2001/XMLSchema-instance" xmlns:doc="http://www.lyncode.com/xoai" xsi:schemaLocation="http://www.loc.gov/MARC21/slim http://www.loc.gov/standards/marcxml/schema/MARC21slim.xsd">
   <leader>00925njm 22002777a 4500</leader>
   <datafield ind2=" " ind1=" " tag="042">
      <subfield code="a">dc</subfield>
   </datafield>
   <datafield ind2=" " ind1=" " tag="720">
      <subfield code="a">Foguet Boreu, Quintí</subfield>
      <subfield code="e">author</subfield>
   </datafield>
   <datafield ind2=" " ind1=" " tag="720">
      <subfield code="a">Fernández San Martin, Maria Isabel</subfield>
      <subfield code="e">author</subfield>
   </datafield>
   <datafield ind2=" " ind1=" " tag="720">
      <subfield code="a">Flores Mateo, Gemma</subfield>
      <subfield code="e">author</subfield>
   </datafield>
   <datafield ind2=" " ind1=" " tag="720">
      <subfield code="a">Zabaleta del Olmo, Edurne</subfield>
      <subfield code="e">author</subfield>
   </datafield>
   <datafield ind2=" " ind1=" " tag="720">
      <subfield code="a">Ayerbe García-Morzon, Luis</subfield>
      <subfield code="e">author</subfield>
   </datafield>
   <datafield ind2=" " ind1=" " tag="720">
      <subfield code="a">Perez-Piñar López, Maria</subfield>
      <subfield code="e">author</subfield>
   </datafield>
   <datafield ind2=" " ind1=" " tag="720">
      <subfield code="a">Martin López, Luis Miguel</subfield>
      <subfield code="e">author</subfield>
   </datafield>
   <datafield ind2=" " ind1=" " tag="720">
      <subfield code="a">Montes Hidalgo, Javier</subfield>
      <subfield code="e">author</subfield>
   </datafield>
   <datafield ind2=" " ind1=" " tag="720">
      <subfield code="a">Violán Fors, Concepción</subfield>
      <subfield code="e">author</subfield>
   </datafield>
   <datafield ind2=" " ind1=" " tag="260">
      <subfield code="c">2016-05-12</subfield>
   </datafield>
   <datafield ind2=" " ind1=" " tag="520">
      <subfield code="a">Cardiovascular risk (CVR) has been observed to be higher in patients with severe mental illness (SMI) than in the general population. However, some studies suggest that CVR is not equally increased in different subgroups of SMI. The purposes of this review are to summarise CVR scores of SMI patients and to determine the differences in CVR between patients with different SMIs and between SMI patients and the control-population.&#xd;
&#xd;
Methods&#xd;
MEDLINE (via PubMed) was searched for literature published through August 28, 2014, followed by a snowball search in the Web of Science. Observational and experimental studies that reported CVR assessments in SMI patients using validated tools were included. The risk of bias was reported using STROBE and CONSORT criteria. Pooled continuous data were expressed as standardized mean differences (SMD) with 95 % confidence intervals (CI). Two reviewers independently selected studies, extracted data and assessed methodological quality.&#xd;
&#xd;
Results&#xd;
A total of 3,608 articles were identified, of which 67 full text papers were assessed for eligibility and 35 were finally included in our review, in which 12,179 psychiatric patients and 225,951 comparative patients had been assessed. The most frequent diagnoses were schizophrenia and related diagnoses (45.7 %), depressive disorders (14.7 %), SMI (11.4 %) and bipolar disorders (8.6 %). The most frequent CVR assessment tool used was the Framingham risk score. Subgroups analysis showed a higher CVR in schizophrenia than in depressive disorder or in studies that included patients with multiple psychiatric diagnoses (SMD: 0.63, 0.03, and 0.02, respectively).&#xd;
&#xd;
Six studies were included in the meta-analysis. Total overall CVR did not differ between SMI patients and controls (SMD: 0.35 [95 % CI:−0.02 to 0.71], p = 0.06); high heterogeneity was observed (I 2 = 93 %; p &lt; 0.001).&#xd;
&#xd;
Conclusions&#xd;
The summary of results from studies that assessed CVR using validated tools in SMI patients did not find sufficient data (except for limited evidence associated with schizophrenia) to permit any clear conclusions about increased CVR in this group of patients compared to the general population</subfield>
   </datafield>
   <datafield ind1="8" ind2=" " tag="024">
      <subfield code="a">http://hdl.handle.net/10256/13926</subfield>
   </datafield>
   <datafield tag="653" ind2=" " ind1=" ">
      <subfield code="a">Sistema cardiovascular -- Malalties</subfield>
   </datafield>
   <datafield tag="653" ind2=" " ind1=" ">
      <subfield code="a">Cardiovascular system -- Diseases</subfield>
   </datafield>
   <datafield tag="653" ind2=" " ind1=" ">
      <subfield code="a">Malalties mentals</subfield>
   </datafield>
   <datafield tag="653" ind2=" " ind1=" ">
      <subfield code="a">Mental illness</subfield>
   </datafield>
   <datafield ind2="0" ind1="0" tag="245">
      <subfield code="a">Cardiovascular risk assessment in patients with a severe mental illness: a systematic review and meta-analysis</subfield>
   </datafield>
</record></metadata></record></GetRecord></OAI-PMH>